Quiz o Niemczech - Statystyki

Ogólne statystyki
  • Ten quiz został rozwiązany 23 988 razy
  • Średni wynik to 12 z 20
Statystyki odpowiedzi
Pytanie Odpowiedź % Poprawnych
Stolica Berlin
100%
Zwierzę w godle państwa Orzeł
79%
Najwyższa liga w piłce nożnej mężczyzn Bundesliga
74%
Niemiecki odpowiednik premiera Kanclerz
72%
Bracia, znani twórcy baśni Bracia Grimm
70%
Land ze stolicą w Monachium Bawaria
69%
Niemcy w języku niemieckim Deutschland
69%
Festiwal piwa w Monachium Oktoberfest
67%
Dawna waluta (przed Euro) Marka Niemiecka
65%
Niemieckie słowo dla kiełbasy Wurst
65%
Stolica finansowa Frankfurt nad Menem
60%
Najdłuższe rzeki Ren
54%
Najdłuższe rzeki Dunaj
50%
Najliczniejsza mniejszość narodowa Turcy
50%
Nazwa dla autostrady w Niemczech Autobahn
48%
Państwo rządzone przez Fryderyka Wielkiego Prusy
48%
Państwowa linia lotnicza Lufthansa
45%
Stolica RFN w latach 1949-1990 Bonn
44%
Siedziba niemieckiego sejmu Bundestag
34%
Najdłuższe rzeki Łaba
29%
Nie znaleziono quizów pasujących do podanych kryteriów
Rozkład punktacji
Procent ludzi z każdym wynikiem
Percentyl według liczby udzielonych odpowiedzi
Twoja historia wyników
Nie rozwiązałeś tego quizu